Quy định pháp luật về hoạt động kiểm tra, xử phạt hành chính của quản lý thị trường
Nội dung giới thiệu Thông tư số 26/2013TT-BCT quy định về mẫu biên bản, quyết định sử dụng trong hoạt động kiểm tra và xử phạt vi phạm hành chính của Quản lý thị trường; có hiệu lực thi hành từ ngày 01/01/2014 thay cho Thông tư số 10/2011/TT-BCT...
שמור ב:
| מחבר תאגידי: | |
|---|---|
| פורמט: | ספר |
| שפה: | Undetermined |
| יצא לאור: |
Hà Nội
Chính trị Quốc gia - Sự thật
2014
|
| נושאים: | |
| תגים: |
הוספת תג
אין תגיות, היה/י הראשונ/ה לתייג את הרשומה!
|
| Thư viện lưu trữ: | Trung tâm Học liệu Trường Đại học Cần Thơ |
|---|
| LEADER | 01180nam a2200217Ia 4500 | ||
|---|---|---|---|
| 001 | CTU_207067 | ||
| 008 | 210402s9999 xx 000 0 und d | ||
| 020 | |c 19000 | ||
| 082 | |a 343.59708 | ||
| 082 | |b B450 | ||
| 110 | |a Bộ Công thương | ||
| 245 | 0 | |a Quy định pháp luật về hoạt động kiểm tra, xử phạt hành chính của quản lý thị trường | |
| 245 | 0 | |c Bộ Công thương | |
| 260 | |a Hà Nội | ||
| 260 | |b Chính trị Quốc gia - Sự thật | ||
| 260 | |c 2014 | ||
| 520 | |a Nội dung giới thiệu Thông tư số 26/2013TT-BCT quy định về mẫu biên bản, quyết định sử dụng trong hoạt động kiểm tra và xử phạt vi phạm hành chính của Quản lý thị trường; có hiệu lực thi hành từ ngày 01/01/2014 thay cho Thông tư số 10/2011/TT-BCT của Bộ trưởng Bộ công thương. | ||
| 650 | |a Commercial law,Sanctions, Administrative,Luật thương mại,Xử phạt hành chính | ||
| 650 | |z Vietnam | ||
| 904 | |i Qhieu | ||
| 980 | |a Trung tâm Học liệu Trường Đại học Cần Thơ | ||